Normal view
MARC view
Entry Personal Name
001 - CONTROL NUMBER
- control field: 64624
003 - CONTROL NUMBER IDENTIFIER
- control field: dpl
005 - DATE AND TIME OF LATEST TRANSACTION
- control field: 20240410145650.0
008 - FIXED-LENGTH DATA ELEMENTS
- fixed length control field: 240410|| aca||aabn | a|a d
040 ## - CATALOGING SOURCE
- Original cataloging agency: dpl
- Transcribing agency: dpl
100 ## - HEADING--PERSONAL NAME
- Personal name: भटनागर, राजेंद्रमोहन
670 ## - SOURCE DATA FOUND
- Source citation: Work cat.: (dpl)202106: भटनागर, राजेंद्रमोहन, सामयिक हिंदी पत्र लेखन/, 2022
